[Event "New York Marshall CC-ch 87th"]
[Site "New York"]
[Date "2003.12.14"]
[Round "8"]
[White "Sena, Juan Oscar"]
[Black "Teasley, Dorothy O"]
[Result "1-0"]
[WhiteElo "2163"]
[BlackElo "2142"]
[PlyCount "53"]
[EventDate "2003.12.07"]
[EventType "swiss"]
[EventRounds "9"]
[EventCountry "USA"]
[SourceTitle "CBM 097 Extra"]
[Source "ChessBase"]
[SourceDate "2004.01.13"]
[SourceVersion "1"]
[SourceVersionDate "2004.01.13"]
[SourceQuality "1"]

1. e4 c5 2. Nf3 e6 3. d4 cxd4 4. Nxd4 a6 5. Nc3 Qc7 6. Be2 Nf6 7. 0-0 Nc6 8. Be3 b5 9. Nxc6 dxc6 10. a3 Bb7 11. f4 c5 12. e5 Nd5 13. Nxd5 Bxd5 14. c4 bxc4 15. Qc2 Rb8 16. Bxc4 Bxc4 17. Qxc4 Qb6 18. Rac1 Rc8 19. b4 Be7 20. Bxc5 Bxc5+ 21. bxc5 Qc6 22. Rfd1 Ke7 23. Rd6 Qb5 24. Qd4 Rc7 25. a4 Qa5 26. c6 Re8 27. Rd7+ 1-0

[Event "Nassau CC-ch"]
[Site "Nassau"]
[Date "1999.12.13"]
[Round "9"]
[White "Teasley, Dorothy O"]
[Black "Panken, Richard"]
[Result "1-0"]
[WhiteElo "2003"]
[BlackElo "1930"]
[PlyCount "81"]
[EventDate "1999.10.18"]
[EventType "swiss"]
[EventRounds "10"]
[EventCountry "USA"]
[SourceTitle "EXT 2003"]
[Source "ChessBase"]
[SourceDate "2002.11.25"]
[SourceVersion "1"]
[SourceVersionDate "2002.11.25"]
[SourceQuality "1"]

1. d4 d5 2. e3 Nf6 3. Nd2 e6 4. Bd3 c5 5. c3 Nc6 6. f4 g6 7. Ngf3 Qc7 8. Ne5 a6 9. 0-0 b6 10. Qf3 Bb7 11. Qh3 Bg7 12. Ndf3 0-0-0 13. Ng5 Rdf8 14. Bd2 Kb8 15. b4 c4 16. Bc2 h6 17. Nxc6+ Qxc6 18. Nf3 Ne4 19. Bxe4 dxe4 20. Ne5 Bxe5 21. fxe5 f5 22. exf6 Rf7 23. Qg3+ Qc7 24. Qxg6 Ka7 25. Be1 Qd7 26. Bg3 Bd5 27. Be5 Qe8 28. Qh5 Rxf6 29. Qxe8 Rxf1+ 30. Rxf1 Rxe8 31. Rf7+ Ka8 32. Rh7 a5 33. a3 axb4 34. axb4 Rg8 35. Rxh6 Kb7 36. Rh8 Rg6 37. b5 Ka7 38. h3 Bb7 39. g4 Bd5 40. Kf2 Kb7 41. Kg3 1-0

[Event "USA-ch (Women)"]
[Site "Estes Park"]
[Date "1987.??.??"]
[Round "6"]
[White "Teasley, Dorothy O"]
[Black "Burtman, Sharon"]
[Result "1-0"]
[WhiteElo "2180"]
[BlackElo "2000"]
[PlyCount "81"]
[EventDate "1987.11.??"]
[EventType "tourn"]
[EventRounds "9"]
[EventCountry "USA"]
[SourceTitle "EXT 1997"]
[Source "ChessBase"]
[SourceDate "1996.11.15"]
[SourceVersion "1"]
[SourceVersionDate "1996.11.15"]
[SourceQuality "1"]

1. d4 Nf6 2. Nf3 d5 3. Bf4 c6 4. c3 Bf5 5. Nbd2 e6 6. e3 Bd6 7. Be2 Ne4 8. 0-0 0-0 9. Qb3 Qc7 10. Nxe4 dxe4 11. Bxd6 Qxd6 12. Ne5 Qc7 13. Bd1 Nd7 14. Nc4 e5 15. Nxe5 Nxe5 16. dxe5 Rfe8 17. Bc2 Rxe5 18. Rad1 Be6 19. Qa3 c5 20. Rd2 Rh5 21. g3 Bh3 22. Rfd1 Re5 23. Rd5 Rae8 24. Qxa7 Bg4 25. R1d2 Qe7 26. Qa4 Rxd5 27. Rxd5 Bf3 28. Qd7 Qxd7 29. Rxd7 Kf8 30. Kf1 Rb8 31. Ke1 Ke8 32. Rd5 b6 33. Bxe4 Bxe4 34. Re5+ Kd7 35. Rxe4 Kd6 36. Ra4 Rb7 37. Ke2 b5 38. Ra6+ Kd5 39. b3 f5 40. h3 g6 41. g4 1-0

[Event "USA-ch (Women)"]
[Site "Estes Park"]
[Date "1987.??.??"]
[Round "1"]
[White "Teasley, Dorothy O"]
[Black "Jezierska, Ivona"]
[Result "1-0"]
[WhiteElo "2180"]
[BlackElo "2100"]
[PlyCount "87"]
[EventDate "1987.11.??"]
[EventType "tourn"]
[EventRounds "9"]
[EventCountry "USA"]
[SourceTitle "EXT 1997"]
[Source "ChessBase"]
[SourceDate "1996.11.15"]
[SourceVersion "1"]
[SourceVersionDate "1996.11.15"]
[SourceQuality "1"]

1. d4 Nf6 2. Nf3 g6 3. Bf4 Bg7 4. e3 c5 5. c3 b6 6. Nbd2 Bb7 7. Bc4 0-0 8. 0-0 d6 9. h3 Nbd7 10. Qe2 h6 11. Rfd1 Rc8 12. Ba6 Bxa6 13. Qxa6 Qc7 14. Qe2 e5 15. dxe5 dxe5 16. Bh2 Rfd8 17. Nc4 Ne4 18. a4 a6 19. Qc2 f5 20. Qb3 Kh7 21. Ne1 Rb8 22. f3 b5 23. axb5 axb5 24. fxe4 bxc4 25. Qxc4 Nb6 26. Qe6 fxe4 27. Nc2 Rd3 28. Rf1 Qd7 29. Qxd7 Rxd7 30. b4 c4 31. Ra5 Nd5 32. Rc5 Nxc3 33. Rxc4 Ne2+ 34. Kf2 Rd2 35. Ke1 Rbd8 36. Nd4 Ra2 37. Nxe2 Rdd2 38. Nc1 Rab2 39. Rc7 Kg8 40. Rxg7+ Kxg7 41. Bxe5+ Kg8 42. Bxb2 Rxb2 43. Ne2 Rxb4 44. Rf6 1-0

[Event "Olympiad Women-08 Final B"]
[Site "Buenos Aires"]
[Date "1978.??.??"]
[Round "2"]
[White "Cazon de Hase, Matilde"]
[Black "Teasley, Dorothy O"]
[Result "1-0"]
[WhiteElo "1960"]
[BlackElo "2090"]
[PlyCount "83"]
[EventDate "1978.10.25"]
[EventType "team-tourn"]
[EventRounds "7"]
[EventCountry "ARG"]
[SourceTitle "EXT 2019"]
[Source "ChessBase"]
[SourceDate "2018.10.10"]
[SourceVersion "1"]
[SourceVersionDate "2018.10.10"]
[SourceQuality "1"]
[WhiteTeam "Argentina (W)"]
[BlackTeam "United States (W)"]
[WhiteTeamCountry "ARG"]
[BlackTeamCountry "USA"]

1. e4 c5 2. Nf3 Nc6 3. d4 cxd4 4. Nxd4 Nf6 5. Nc3 e5 6. Ndb5 d6 7. Nd5 Nxd5 8. exd5 Ne7 9. c4 Nf5 10. Qa4 Bd7 11. Qd1 Be7 12. Bd3 a6 13. Nc3 0-0 14. 0-0 g6 15. a4 Ng7 16. a5 f5 17. Be3 Bf6 18. f3 f4 19. Bb6 Qe7 20. Ne4 Bf5 21. Nf2 Bh4 22. b4 Bg3 23. Bxf5 Bxh2+ 24. Kxh2 Rxf5 25. Kg1 Rh5 26. Ne4 Nf5 27. Kf2 Ng3 28. Nxg3 fxg3+ 29. Ke3 Rh2 30. Qe2 Qh4 31. Kd3 Rf8 32. Rae1 Rf4 33. Kc3 Qf6 34. Kb3 Rhh4 35. Rc1 Qf7 36. Be3 Rf5 37. Qe1 Rhh5 38. Qxg3 e4 39. Qe1 Rxd5 40. cxd5 Rxd5 41. Kb2 Rd3 42. Rc3 1-0

[Event "Olympiad Women-08 Preliminaries 2"]
[Site "Buenos Aires"]
[Date "1978.??.??"]
[Round "6"]
[White "Makai, Zsuzsa"]
[Black "Teasley, Dorothy O"]
[Result "1-0"]
[WhiteElo "2240"]
[BlackElo "2090"]
[PlyCount "43"]
[EventDate "1978.10.25"]
[EventType "team-tourn"]
[EventRounds "7"]
[EventCountry "ARG"]
[SourceTitle "EXT 2019"]
[Source "ChessBase"]
[SourceDate "2018.10.10"]
[SourceVersion "1"]
[SourceVersionDate "2018.10.10"]
[SourceQuality "1"]
[WhiteTeam "Hungary (W)"]
[BlackTeam "United States (W)"]
[WhiteTeamCountry "HUN"]
[BlackTeamCountry "USA"]

1. Nf3 Nf6 2. c4 Nc6 3. Nc3 e5 4. a3 h6 5. e4 a5 6. d4 exd4 7. Nxd4 Nxd4 8. Qxd4 b6 9. e5 Bc5 10. Qf4 Nh7 11. Bd3 Nf8 12. Be4 Ne6 13. Qg3 Rb8 14. 0-0 Ba6 15. Bd5 Qe7 16. Rd1 Rd8 17. b4 Bd4 18. Rxd4 Nxd4 19. Qxg7 Rf8 20. Ne4 Rb8 21. Bxh6 Ne6 22. Nf6+ 1-0

[Event "Olympiad Women-08 Final B"]
[Site "Buenos Aires"]
[Date "1978.??.??"]
[Round "3"]
[White "Teasley, Dorothy O"]
[Black "Muresan, Margareta"]
[Result "1-0"]
[WhiteElo "2090"]
[BlackElo "2135"]
[PlyCount "101"]
[EventDate "1978.10.25"]
[EventType "team-tourn"]
[EventRounds "7"]
[EventCountry "ARG"]
[SourceTitle "EXT 2019"]
[Source "ChessBase"]
[SourceDate "2018.10.10"]
[SourceVersion "1"]
[SourceVersionDate "2018.10.10"]
[SourceQuality "1"]
[WhiteTeam "United States (W)"]
[BlackTeam "Romania (W)"]
[WhiteTeamCountry "USA"]
[BlackTeamCountry "ROU"]

1. d4 Nf6 2. Nf3 g6 3. Bf4 Bg7 4. e3 0-0 5. Nbd2 d6 6. Bc4 b6 7. c3 Bb7 8. 0-0 Nbd7 9. h3 c5 10. a4 Qc7 11. Qe2 e5 12. dxe5 dxe5 13. Bh2 a6 14. Rfd1 h6 15. Ne1 Rfe8 16. Ndf3 Qc6 17. Nh4 Qe4 18. Bg3 g5 19. Bd3 Qc6 20. Nf5 Bf8 21. Bc4 Rad8 22. Bh2 Qc7 23. Bxa6 Bxa6 24. Qxa6 Nb8 25. Qb5 Nc6 26. f3 Nd5 27. Nc2 Nde7 28. Ng3 Ng6 29. Na3 Na5 30. Nc4 Re6 31. Rxd8 Qxd8 32. Nxa5 bxa5 33. Qe2 Rd6 34. Ne4 Rd3 35. c4 f5 36. Nf6+ Kf7 37. Nd5 Rxd5 38. cxd5 Qxd5 39. Qc2 Kf6 40. Rd1 Qb7 41. b3 Qb4 42. Bg3 f4 43. exf4 Nxf4 44. Bxf4 Qxf4 45. Qe4 Qg3 46. Qg4 Qxg4 47. hxg4 Ke6 48. Kf2 e4 49. fxe4 Bg7 50. Rd5 Bd4+ 51. Ke2 1-0